Multiple Choice City Quiz – Los Angeles - Statistics

General Stats
  • This quiz has been taken 15,638 times
    15,600 since last reset
  • The average score is 7 of 10
Answer Stats
Question Answer % Correct
In what affluent suburb would you find the 90210 zip code? Beverly Hills
95%
What type of natural disaster did Los Angeles experience in January 2025? Wildfires
94%
What Los Angeles landmark could you easily view from the Griffith Observatory? Hollywood Sign
92%
What suburb did the rap group N.W.A come "straight outta"? Compton
90%
What beach area is famous for bodybuilders and skateboarders? Venice Beach
77%
What street is known for its "strip" of nightclubs? Sunset Boulevard
75%
Which of these fast food burger chains was founded in the Los Angeles area in 1948? In-N-Out
67%
What valley is known to Angelenos as "The Valley"? San Fernando Valley
58%
Which one of these movies does NOT take place in Los Angeles? Ferris Bueller's Day Off
57%
What U.S. President was born in the nearby city of Yorba Linda? Richard Nixon
43%
No matching quizzes found
Score Distribution
Percent of People with Each Score
Percentile by Number Answered
Your Score History
You have not taken this quiz since the last reset